00826nam a2200181Ia 4500001001900000003001000019008004100029040002500070041000700095100003000102245009100132250001100223260002900234300001200263500032100275650001100596700003700607b4194-24846 [3768]IT-MiCISF161014s9999||||xx |||||||||||||| ||und|| aIT-MiCISFcIT-MiCISF ait aBonetti Renzo (a cura di) 0aSussidiarietà e nuovi orizzonti educativi: una sfida per il rapporto famiglia-scuola a1a ed. aBresciabLa Scuolac1998 app. 191 aAntonelli E., Bonetti R., Donati P., Mion R., Ribolzi L., Rizzo G., Vico G., Zani A.V. - atti del convegno organizzato dalla Cei-ufficio nazionale per la pastorale della famiglia e ufficio nazionale per l'educazione, la scuola e l'università, Roma 6-8 marzo 1997 / scuola, famiglia, società, pastorale, chiesa /  ascuola aZani Angelo Vincenzo (a cura di)